000 01097nam a22002297a 4500
005 2011061005435.0
008 110610t xxu||||| |||| 00| 0 mar d
010 _aMAR-20918
020 _c90.00
035 _aMR-13576
037 _bDBAD / PUB
040 _aDPL
_bMR
082 _a891.4609
100 _aकरंदीकर,विद्याधर
_928558
245 _aतुम्ही हे वाचलंच पाहिजे /
_cविद्याधर करंदीकर
246 _aTumhi He Vachalacha Pahijey
_bby Vidhyadhar karandikar
260 _aकोल्हापूर
_bमणिक प्रकाशन
_c2008
270 _a1495,' बी' इंदुमती अपार्टमेंट,गुलाब गल्ली
_bकोल्हापूर
300 _a96पृ.
_c21सेमी(अजिल्द)
942 _2ddc
_cMR
_h891.4609
_mकरंदी
999 _c52825
_d52825